| 000 | 00690nam a2200217 a 4500 | ||
|---|---|---|---|
| 999 |
_c6449 _d6449 |
||
| 001 | 6449 | ||
| 003 | BD-JhCC | ||
| 005 | 20180123185316.0 | ||
| 008 | 180123s bg ||||| |||| 00| 0 ben d | ||
| 035 | _a(BD-JhCC) | ||
| 040 |
_aBD-JhCC _dBD-JhCC |
||
| 041 | _aben | ||
| 082 |
_a297.124 _bRAH |
||
| 100 | _aরহমান, সুফী হাবিবুর | ||
| 245 |
_aবিশ্ব-রহমত মোহান্মদ মোস্তফা / _cআলহাজ্জ মৌ. সুফী হাবিবুর রহমান |
||
| 260 | _aঢাকা : | ||
| 300 |
_a310 p. : _c18 cm. |
||
| 650 |
_aProphet Muhammad (sm) _xHoly prophet (sm) |
||
| 942 |
_2ddc _cBK |
||